=LDR 00000nam 2200000 4500 =001 INLIS000000000000172 =005 20150225102722.0 =006 =007 =008 Ind =035 ##$$0010-061300000000172 =041 ##$$a Ind =082 ##$$a 92(Newton) =090 ##$$a 92(Newton) Whi i =100 ##$$a White, Michael =245 ##$$a Isac Newton, kisah tentang soerang matematikawan besar yang berhasil mengubah persepsi kita tentang alam semesta, hukum-hukum tentang gerak / Michael White; alih bahasa, Alex Tri Kantjono Widodo =260 ##$$a Jakarta $b Gramedia Pustaka Utama $c 1992 =300 ##$$a 96 hlm. : ilus. ; 21 cm =650 ##$$a Newton, Isac =700 ##$$a Widodo, Alex Tri Kancono =850 ##$$a NBPNMAT